Cartagena (Registro nro. 158022)

Detalles MARC
000 -LEADER
campo de control de longitud fija 00914nam a2200217 i 4500
001 - NÚMERO DE CONTROL
campo de control 158022
003 - IDENTIFICADOR DE NÚMERO DE CONTROL
campo de control ES-MaACL
005 - FECHA Y HORA DE LA ÚLTIMA TRANSACCIÓN
campo de control 20250907063119.0
008 - DATOS DE LONGITUD FIJA--INFORMACIÓN GENERAL
campo de control de longitud fija 960320s1877 sp a |||| | spa d
040 ## - FUENTE DE CATALOGACIÓN
Centro catalogador/agencia de origen CARM
Lengua de catalogación spa
Centro/agencia transcriptor CCPB | SIC
100 1# - ENTRADA PRINCIPAL--NOMBRE DE PERSONA
Nombre de persona López Domínguez, José,
Fechas asociadas al nombre 1829-1911
9 (RLIN) 73611
245 10 - MENCIÓN DEL TÍTULO
Título Cartagena
Resto del título : memoria y comentarios sobre el sitio de Cartagena /
Mención de responsabilidad, etc. por el General López Dominguez.
260 ## - PUBLICACIÓN, DISTRIBUCIÓN, ETC.
Lugar de publicación, distribución, etc. Madrid :
Nombre del editor, distribuidor, etc. [s.n.],
Fecha de publicación, distribución, etc. 1877 (
Fabricante Establecimiento tipográfico de los señores J. Conde y Compañía)
300 ## - DESCRIPCIÓN FÍSICA
Extensión 292, 86 p., 3 h. pleg., 12 h. de lam. pleg. ;
Dimensiones 25 cm.
593 ## -
-- Encabezamiento completado co Palau, XXVII, p. 637.
597 ## - NOTA DE DESCRIPCIÓN FÍSICA
NOTA DE DESCRIPCIÓN FÍSICA Antep.
651 #4 - PUNTO DE ACCESO ADICIONAL DE MATERIA--NOMBRE GEOGRÁFICO
Nombre geográfico Cartagena-
Subdivisión general Historia militar.
9 (RLIN) 159624
852 ## - LOCALIZACIÓN
Ubicación ES-MaACL
Número de control de estantería G-14998
Nota libre -- Enc. hol.
-- -- Legado M. de La Fuente
852 ## - LOCALIZACIÓN
Ubicación ES-MaACL
Número de control de estantería F-10650
Nota libre -- Enc. hol.
condición física -- Falto de lam. 1 y 2
Existencias
Estatus retirado Estado de pérdida Estado de daño No para préstamo Colección Biblioteca de origen Biblioteca actual Ubicación en estantería Fecha de adquisición Fuente de adquisición Total de préstamos Signatura topográfica completa Código de barras Visto por última vez Precio de reemplazo Tipo de ítem Koha
        Libros del s. XIX Biblioteca del Ateneo de Madrid Biblioteca del Ateneo de Madrid Sala Pecera Planta 2 17/01/2008     F-10650 1165383 23/02/2023 23/02/2023 Libro impreso antiguo
        Libros del s. XIX Biblioteca del Ateneo de Madrid Biblioteca del Ateneo de Madrid Sala Pecera Planta 3 17/01/2008     G-14998 1165382 23/02/2023 23/02/2023 Libro impreso antiguo